Kozier & ERB'S fundamentals of nursing: (Record no. 157661)

MARC details
000 -LEADER
fixed length control field 00702nam a22002057a 4500
005 - DATE AND TIME OF LATEST TRANSACTION
control field 20180924123544.0
010 ## - LCCN (DPL NO)
LC control number ENG-124037
020 ## - INTERNATIONAL STANDARD BOOK NUMBER
International Standard Book Number 9789353060466
Terms of availability 1899.00
035 ## - SYSTEM CONTROL NUMBER
System control number EN-107569
037 ## - SOURCE OF ACQUISITION
Source of stock number/acquisition DBAD/PUB
082 ## - DEWEY DECIMAL CLASSIFICATION NUMBER
Classification number 610.73
100 ## - MAIN ENTRY--PERSONAL NAME
Personal name Berman, Audrey
245 ## - TITLE STATEMENT
Title Kozier & ERB'S fundamentals of nursing:
Statement of responsibility, etc by Audrey Berman [and] et....all
Remainder of title concepts, process and practice /
250 ## - EDITION STATEMENT
Edition statement 10th ed.
260 ## - PUBLICATION, DISTRIBUTION, ETC. (IMPRINT)
Place of publication, distribution, etc Noida
Name of publisher, distributor, etc Pearson
Date of publication, distribution, etc 2018
270 ## - ADDRESS
Address 15th Floor, Tower B, Worls Trade Tower, Plot No.1, Block -C
City Noida (UP)
Postal code 201301
300 ## - PHYSICAL DESCRIPTION
Extent 1533p.
Dimensions 25cm.(pbk)
Other physical details ill.
500 ## - GENERAL NOTE
General note It includes Appendix A & B, glossary and index
942 ## - ADDED ENTRY ELEMENTS (KOHA)
Source of classification or shelving scheme Dewey Decimal Classification
Item type English Books
Classification part 610.73
Call number suffix BER
Holdings
Withdrawn status Lost status Not for loan Collection code Home library Current library Date acquired Source of acquisition Cost, normal purchase price Full call number Barcode Copy number Cost, replacement price Koha item type
    Not For Loan Non-fiction D.B.Act.Division Bawana 24/09/2018 DBAD/PUB 1899.00 610.73 BER EN-107569 1 1899.00 English Books

© Delhi Public Library
Hit Counter
free hit counter